000 00735cam a2200241 a 4500
001 000008064
003 DO-SdBNP
005 20240529124642.0
008 780501s1972 bl a 001 f por
040 _aDO-SdBNP
_bspa
_cBNPHU
042 _apremarc
082 4 _aB869.3
_bA368u, 1972
100 1 _aAlencar, José Martíniano de,
_d1829-1877.
_921973
245 1 0 _aUbirajara :
_blenda tupi /
_cJosé de Alencar ; ilustración de Parlagreco.
250 _a15a ed.
260 _aSao Paulo :
_bMelhoramentos,
_c1972.
300 _a166 p. :
_bil. ;
_c20 cm.
650 0 _aNovela brasileña
_913650
650 4 _aLiteratura brasileña
_9823
700 1 _aParlagreco,
_eil.
_921974
910 _aCatalogación derivada
942 _2ddc
_cLBS1
999 _c7841
_d7841